[Event "Let's Play Chess!"]
[Site "http://www.queenalice.com/game.php?id=267535"]
[Date "2007.9.6"]
[Round "-"]
[White "ff18"]
[Black "karpovl"]
[Result "0-1"]
[WhiteElo "1358"]
[BlackElo "1362"]

1. e4 d5 2. f3 dxe4 3. fxe4 e5 4. Nf3 f6 5. Nc3 Nh6 6. Bc4 b6 7. Bd5 c6 8. Bb3
g5 9. Bd5 cxd5 10. Nxd5 Bc5 11. c4 Be6 12. Qa4+ Bd7 13. Qc2 Ng4 14. b4 Bxb4 15.
Nxb4 Qe7 16. Ba3 a5 17. Nd5 Qxa3 18. Nxb6 Nc6 19. Nxa8 Nd4 20. Qb1 Kf7 21. Nb6
Rb8 22. c5 Bc6 23. h3 Qxc5 24. Nxd4 Qxd4 25. hxg4 Rxb6 26. Rxh7+ Kg6 27. Rc7
Rxb1+ 28. Rxb1 Qxe4+ 29. Kf2 Qxb1 30. Rxc6 Qxa2 0-1

[Event "Let's Play Chess!"]
[Site "http://www.queenalice.com/game.php?id=267538"]
[Date "2007.9.6"]
[Round "-"]
[White "ff18"]
[Black "karpovl"]
[Result "0-1"]
[WhiteElo "1259"]
[BlackElo "1378"]

1. e4 Nf6 2. Nc3 d5 3. d3 Bg4 4. f3 Bh5 5. g4 Bg6 6. Nge2 dxe4 7. fxe4 Nxg4 8.
Ng3 Qd4 9. Qxg4 h5 10. Qc8+ Qd8 11. Qxb7 Nd7 12. Nd5 Rb8 13. Nxc7+ Qxc7 14. Qxc7
h4 15. Bh3 e6 16. Ne2 Bb4+ 17. c3 Bc5 18. b4 Be7 19. Bf4 Rd8 20. Nd4 Nf6 21. b5
Nd5 22. Nc6 Nxc7 23. Bxc7 Rc8 24. Be5 Bf6 25. Bxf6 gxf6 26. Rf1 a6 27. a4 Rh5
28. Rxf6 Bh7 0-1

[Event "Challenge"]
[Site "http://www.queenalice.com/game.php?id=267986"]
[Date "2007.9.7"]
[Round "-"]
[White "dante72"]
[Black "ff18"]
[Result "1-0"]
[WhiteElo "1865"]
[BlackElo "1072"]

1. d4 d5 2. e3 e6 3. f4 Nc6 4. Bb5 f5 5. Bxc6+ bxc6 6. Nf3 Nf6 7. O-O Ba6 8. Re1
Rb8 9. Nc3 Rb6 10. b3 Qd6 11. Ne5 Qb4 12. Bd2 Bd6 13. Nxd5 Qb5 14. c4 Qxd5 15.
cxd5 Bxe5 16. fxe5 Nd7 17. dxe6 Nf8 18. Ba5 1-0

[Event "Challenge"]
[Site "http://www.queenalice.com/game.php?id=267988"]
[Date "2007.9.7"]
[Round "-"]
[White "ff18"]
[Black "julisses"]
[Result "0-1"]
[WhiteElo "1047"]
[BlackElo "1495"]

1. e4 e5 2. Nc3 Bc5 3. Nf3 g5 4. Nxe5 d6 5. Nd3 Qf6 6. Qf3 b6 7. b4 Bd4 8. Bb2
Na6 9. Nd5 Qg7 10. c3 Be5 11. g4 Nh6 12. b5 c6 13. Nc7+ Nxc7 14. bxc6 Nxg4 15.
h3 Nf6 16. h4 Ne6 17. h5 O-O 18. Ba3 Ba6 19. h6 Qg6 20. Nxe5 Qxe4+ 21. Qxe4 Nxe4
22. Bxa6 dxe5 23. Bxf8 Rxf8 24. Rb1 Rd8 25. Rb4 Nxd2 26. c7 Nxc7 27. Rb2 Nf3+
28. Ke2 Nh4 0-1

[Event "Challenge"]
[Site "http://www.queenalice.com/game.php?id=267990"]
[Date "2007.9.7"]
[Round "-"]
[White "kudd"]
[Black "ff18"]
[Result "1-0"]
[WhiteElo "1461"]
[BlackElo "1047"]

1. e4 e5 2. Nf3 d6 3. Nc3 Nc6 4. Bc4 Qf6 5. Nd5 Qg6 6. Nxc7+ Kd8 7. Nxa8 b6 8.
d3 Qxg2 9. Ke2 Bg4 10. Be3 Bxf3+ 11. Kd2 Bxd1 12. Raxd1 Nb4 13. Rdg1 Qf3 14. a3
Nc6 15. h4 g6 16. Rh2 Bh6 17. Kc3 Bxe3 18. fxe3 Qxe3 19. Rhg2 Nf6 20. Rg3 Qd4+
21. Kd2 Qxb2 22. Bxf7 Ke7 23. Bb3 Rxa8 24. Rf1 Nd4 25. Rgg1 Nxb3+ 26. Ke3 Qxc2
27. Rf2 Qc5+ 28. Kf3 Qxa3 29. Rgf1 Nd4+ 30. Kg2 Rf8 31. Rd2 a5 32. Rdd1 a4 33.
Rc1 Qxd3 34. Rc7+ Nd7 35. Rcc1 Qxe4+ 36. Kg1 Ne2+ 37. Kh2 Nxc1 38. Rxc1 1-0

[Event "Challenge"]
[Site "http://www.queenalice.com/game.php?id=267992"]
[Date "2007.9.7"]
[Round "-"]
[White "Aleqza"]
[Black "ff18"]
[Result "1-0"]
[WhiteElo "1474"]
[BlackElo "1500"]

1. e4 e5 2. Qf3 d6 3. Bc4 Be6 4. Bxe6 f6 5. Bxg8 Rxg8 6. Qh5+ g6 7. Qxh7 Rg7 8.
Qh8 Nc6 9. d3 g5 10. h4 Nb4 11. Kd1 c5 12. a3 Qa5 13. hxg5 Kf7 14. gxf6 Kxf6 15.
g3 Rc8 16. Nf3 c4 17. Qh6+ Kf7 18. Ng5+ Ke8 19. Qe6+ Re7 20. Qxc8+ Qd8 21. Qxd8+
Kxd8 22. axb4 Rg7 23. Ne6+ Ke8 24. Nxg7+ Bxg7 25. Rxa7 cxd3 26. Rxb7 Kf8 27. Bh6
Bxh6 28. Rxh6 Kg8 29. Rxd6 dxc2+ 30. Kxc2 Kf8 31. Rd8# 1-0

[Event "AUTO-INT-612"]
[Site "http://www.queenalice.com/game.php?id=269877"]
[Date "2007.9.11"]
[Round "1"]
[White "J_Ricardo"]
[Black "ff18"]
[Result "1-0"]
[WhiteElo "1397"]
[BlackElo "1173"]

1. e4 e5 2. Nf3 c5 3. Bc4 d6 4. d3 Nf6 5. Ng5 Be6 6. Bxe6 fxe6 7. Nf7 Kxf7 8.
Bg5 Nc6 9. Qf3 Nd4 10. Qd1 Qa5+ 11. c3 Nc6 12. Nd2 h6 13. Bxf6 gxf6 14. Qg4 h5
15. Qg3 Rg8 16. Qh3 Qa4 17. Qxh5+ 1-0

[Event "AUTO-INT-612"]
[Site "http://www.queenalice.com/game.php?id=269878"]
[Date "2007.9.11"]
[Round "1"]
[White "ff18"]
[Black "J_Ricardo"]
[Result "0-1"]
[WhiteElo "1203"]
[BlackElo "1426"]

1. d4 e6 2. e3 b6 3. f4 Nf6 4. Nc3 Bb7 5. Bd3 Bxg2 6. Be4 Bxh1 7. Bxa8 Bxa8 8.
Nh3 h6 9. Na4 Ne4 10. Qd3 Qh4+ 11. Ke2 Qxh3 12. Qxe4 Bxe4 13. b4 Qxh2+ 14. Kd1
Bf3+ 15. Ke1 Qe2# 0-1

[Event "AUTO-INT-612"]
[Site "http://www.queenalice.com/game.php?id=269889"]
[Date "2007.9.11"]
[Round "1"]
[White "saturnin"]
[Black "ff18"]
[Result "1-0"]
[WhiteElo "1486"]
[BlackElo "1047"]

1. d4 d5 2. e3 Nc6 3. b3 Nf6 4. Nf3 e6 5. Bb5 Qd6 6. O-O a6 7. Ba3 Qd7 8. Ne5
Qd8 9. Nxc6 bxc6 10. Bxc6+ Bd7 11. Bxa8 Qxa8 12. b4 1-0

[Event "AUTO-INT-612"]
[Site "http://www.queenalice.com/game.php?id=269890"]
[Date "2007.9.11"]
[Round "1"]
[White "ff18"]
[Black "saturnin"]
[Result "0-1"]
[WhiteElo "1047"]
[BlackElo "1484"]

1. d4 d5 2. Nf3 Nf6 3. Nc3 Bf5 4. e3 Ne4 5. Bd3 e6 6. h3 Bb4 7. a3 Nxc3 8. bxc3
Bxc3+ 9. Bd2 Bxa1 10. Qxa1 Bxd3 11. cxd3 Qf6 0-1

[Event "Challenge"]
[Site "http://www.queenalice.com/game.php?id=270541"]
[Date "2007.9.12"]
[Round "-"]
[White "Dani"]
[Black "ff18"]
[Result "1-0"]
[WhiteElo "942"]
[BlackElo "1148"]

1. c3 c5 2. g3 Nc6 3. e4 e5 4. b3 d6 5. d3 Nf6 6. Bg5 Qa5 7. Qd2 Be6 8. b4 Qa4
9. c4 Nxb4 10. Nc3 Nc2+ 11. Ke2 Nxa1 12. Nxa4 h6 13. Bh4 g5 14. Bxg5 hxg5 15. h3
Ke7 16. Qd1 a6 17. Qxa1 b5 18. Nb6 Rb8 19. Nd5+ Bxd5 20. exd5 bxc4 21. dxc4 Rb4
22. Qc1 Ra4 23. Qb1 Rxc4 24. Qb7+ Ke8 25. Nf3 Rc2+ 26. Nd2 g4 27. h4 Ne4 28. Kd1
Rxd2+ 29. Ke1 Rxa2 30. Qc8+ 1-0